[Event "GCT Blitz Paris 2017"]
[Site "Paris FRA"]
[Date "2017.06.24"]
[Round "7"]
[White "Karjakin,Sergey"]
[Black "Grischuk,A"]
[Result "1-0"]
[WhiteElo "2781"]
[BlackElo "2761"]
[EventDate "2017.06.21"]

1. d4 Nf6 2. Bf4 d5 3. e3 e6 4. Nf3 c5 5. c3 Nc6 6. Nbd2 cxd4 7. exd4 Nh5
8. Bg5 f6 9. Be3 Bd6 10. Bb5 O-O 11. O-O g6 12. Ne1 Qc7 13. g3 Ne7 14. Ndf3
Ng7 15. Bh6 Nef5 16. Bc1 g5 17. Ng2 Qf7 18. Re1 Bd7 19. a4 a6 20. Bd3 Rae8
21. b3 h6 22. c4 Kh8 23. Ba3 Bxa3 24. Rxa3 Bc6 25. c5 a5 26. Ra2 Ne7 27.
Bb1 Bd7 28. Qd3 Qg8 29. h4 Ngf5 30. hxg5 hxg5 31. Ne3 Nxe3 32. Qxe3 Nf5 33.
Qc1 Qf7 34. Kg2 Kg7 35. Nxg5 Qh5 36. Nf3 Rh8 37. Rh1 Qg4 38. Qf4 Qxf4 39.
gxf4 Rxh1 40. Kxh1 Ne7 41. Kg2 Nc6 42. Rd2 Rg8 43. Kf1 Be8 44. f5 Bh5 45.
Nh4 Bf7 46. fxe6 Bxe6 47. Nf5+ Kf8 48. Nd6 Bh3+ 49. Ke2 Rg1 50. Bc2 Rg7 51.
Ke3 Nb4 52. Bd3 Be6 53. f3 Nc6 54. Bb5 Ne7 55. Rh2 Ng6 56. Rh6 Bg8 57. Bd3
Re7+ 58. Kd2 1-0

[Event "GCT Blitz Paris 2017"]
[Site "Paris FRA"]
[Date "2017.06.24"]
[Round "7"]
[White "Caruana,F"]
[Black "Bacrot,E"]
[Result "1/2-1/2"]
[WhiteElo "2808"]
[BlackElo "2708"]
[EventDate "2017.06.21"]

1. c4 e5 2. Nc3 Nf6 3. Nf3 Nc6 4. e3 d6 5. d4 g6 6. Bd3 Bg7 7. O-O O-O 8.
h3 Re8 9. Bc2 exd4 10. exd4 d5 11. cxd5 Nb4 12. Ba4 Bd7 13. Bb3 Bf5 14. Bg5
Qd6 15. Ne5 Ne4 16. Bf4 Nxc3 17. bxc3 Nxd5 18. Bg3 Qd8 19. Qf3 c6 20. Rad1
f6 21. c4 Nb4 22. Ng4 Qd7 23. Bd6 a5 24. Bxb4 axb4 25. c5+ Kh8 26. Qg3 Be4
27. Ne3 g5 28. d5 cxd5 29. Nxd5 Qc6 30. Qd6 Rad8 31. Qxc6 bxc6 32. Nxb4 Bf8
33. Rc1 Rb8 34. Rc4 Rb5 35. Rfc1 Reb8 36. a3 Bd5 37. R4c3 Bxb3 38. Rxb3
Rxc5 39. Rd1 Rcb5 40. Rf3 Bxb4 41. axb4 Kg7 42. Rd7+ Kg6 43. Rd6 Rf8 44.
Rxc6 Rxb4 45. Rd3 Rb7 46. Rdd6 1/2-1/2

[Event "GCT Blitz Paris 2017"]
[Site "Paris FRA"]
[Date "2017.06.24"]
[Round "8"]
[White "Grischuk,A"]
[Black "Bacrot,E"]
[Result "1-0"]
[WhiteElo "2761"]
[BlackElo "2708"]
[EventDate "2017.06.21"]

1. Nf3 d5 2. g3 Nf6 3. Bg2 e6 4. O-O Be7 5. c4 O-O 6. d3 c5 7. cxd5 exd5 8.
d4 Nc6 9. Nc3 h6 10. dxc5 Bxc5 11. a3 Ne4 12. Qd3 Nxc3 13. Qxc3 Bb6 14. b4
d4 15. Qd2 Bf5 16. Bb2 Re8 17. Rad1 Be4 18. b5 Na5 19. Qb4 d3 20. exd3 Bd5
21. Qg4 f6 22. Nh4 Bxg2 23. Nf5 Qc7 24. Kxg2 Kf8 25. a4 Rad8 26. Ba3+ Kg8
27. Nxh6+ Kh7 28. Nf5 Qf7 29. Rfe1 Re5 30. Rxe5 fxe5 31. Qh4+ 1-0

[Event "GCT Blitz Paris 2017"]
[Site "Paris FRA"]
[Date "2017.06.24"]
[Round "8"]
[White "Topalov,V"]
[Black "Caruana,F"]
[Result "0-1"]
[WhiteElo "2749"]
[BlackElo "2808"]
[EventDate "2017.06.21"]

1. c4 e5 2. g3 Nf6 3. Bg2 c6 4. Nf3 e4 5. Nd4 Qb6 6. Nb3 a5 7. d3 a4 8.
N3d2 d5 9. dxe4 dxe4 10. e3 Bg4 11. Qc2 Nbd7 12. Nc3 Bb4 13. Ndxe4 Nxe4 14.
Qxe4+ Be6 15. O-O O-O 16. Qh4 Ne5 17. Nd5 cxd5 18. cxd5 Bg4 19. f4 Be2 20.
fxe5 Bxf1 21. Bxf1 Qc5 22. Qd4 Rfd8 23. d6 Qa5 24. Kg2 Rac8 25. Bd3 g6 26.
Be4 Rd7 27. Bd3 Re8 28. a3 Be1 29. b4 axb3 30. Bb2 Qd2+ 31. Kh3 Re6 32. Bb5
Rd8 33. Rd1 Qf2 34. Qf4 Qxb2 35. Bc4 Qxe5 0-1

[Event "GCT Blitz Paris 2017"]
[Site "Paris FRA"]
[Date "2017.06.24"]
[Round "8"]
[White "Karjakin,Sergey"]
[Black "Vachier Lagrave,M"]
[Result "1-0"]
[WhiteElo "2781"]
[BlackElo "2796"]
[EventDate "2017.06.21"]

1. c4 e5 2. g3 Nf6 3. Bg2 d5 4. cxd5 Nxd5 5. Nf3 Nc6 6. O-O Nb6 7. Nc3 Be7
8. Rb1 a5 9. d3 O-O 10. Be3 Be6 11. a3 Nd5 12. Nxd5 Bxd5 13. Rc1 a4 14. Qc2
Re8 15. Rfe1 f5 16. Bc5 Bf6 17. e4 fxe4 18. dxe4 Bb3 19. Qc3 Qd7 20. Bf1
Red8 21. Bc4+ Bxc4 22. Qxc4+ Kh8 23. Be3 Qd3 24. Kg2 Qxc4 25. Rxc4 Rd3 26.
Re2 Kg8 27. Rd2 Rxd2 28. Nxd2 Ra5 29. Nb1 Rb5 30. Bc1 Ra5 31. Nc3 Kf7 32.
Be3 Be7 33. Kf1 Bd6 34. Rxa4 Rxa4 35. Nxa4 Na5 36. Ke2 Nc4 37. Bc1 b5 38.
Nc3 c6 39. Kd3 Na5 40. Bd2 Nc4 41. Nd1 Ke6 42. Bc3 Nb6 43. Ne3 Na4 44. Nc2
Nc5+ 45. Ke3 Na4 46. Kd2 Bc5 47. f4 exf4 48. gxf4 g6 49. Bh8 Bd6 50. Ke3 c5
51. h3 Nb6 52. b3 Be7 53. Bc3 Bd6 54. Ba5 Bc7 55. a4 c4 56. Nd4+ Kd7 57.
axb5 cxb3 58. Kd3 Na4 59. Bxc7 Nc5+ 60. Kc3 Nxe4+ 61. Kxb3 Kxc7 62. Kc4 Kb6
63. Kd5 Nf2 64. h4 Nd3 65. Ke4 Ne1 66. f5 gxf5+ 67. Kxf5 Kc5 68. h5 Nd3 69.
Ne6+ Kxb5 70. Ng5 Kc6 71. Nxh7 Kd7 72. Kf6 Nf2 73. Kg7 Ke6 74. Nf6 Nh3 75.
h6 Ng5 76. Kg6 Nf7 77. h7 Nh8+ 78. Kg7 Ke7 79. Ne4 Ke8 80. Ng3 Ke7 81. Nf5+
Ke8 82. Nh4 1-0

[Event "GCT Blitz Paris 2017"]
[Site "Paris FRA"]
[Date "2017.06.24"]
[Round "8"]
[White "Mamedyarov,S"]
[Black "So,W"]
[Result "1/2-1/2"]
[WhiteElo "2800"]
[BlackElo "2812"]
[EventDate "2017.06.21"]

1. d4 Nf6 2. Nf3 e6 3. e3 c5 4. Bd3 d5 5. b3 b6 6. O-O Bb7 7. Bb2 Bd6 8.
Nbd2 O-O 9. Qe2 Nbd7 10. c4 cxd4 11. exd4 Re8 12. Ne5 Bf8 13. Rad1 Rc8 14.
Rfe1 Rc7 15. Qe3 dxc4 16. bxc4 g6 17. Ndf3 Bg7 18. Ng5 Nxe5 19. dxe5 Nd7
20. Qf4 Qe7 21. Ba3 Nc5 22. h4 Rd8 23. Bc2 Rxd1 24. Rxd1 Rd7 25. Rd6 Bxe5
26. Rxd7 Nxd7 27. Qxe5 Qxa3 28. Qc7 Qc1+ 29. Kh2 Qxc2 30. Qxd7 Qxf2 31.
Qxb7 Qxh4+ 32. Nh3 Qxc4 33. Qxa7 h6 34. a3 Qc5 35. Qa8+ Kg7 36. Qf3 g5 37.
Nf2 f5 38. g3 h5 39. Qe2 Qd6 40. Qxh5 Qd2 41. Kg2 g4 42. Qe8 Qd5+ 43. Kg1
Qd6 44. Kh2 Qc5 45. Qd7+ Kf6 46. Qd8+ Kf7 47. Qd7+ Kf6 48. Qd2 Qxa3 49.
Qd8+ Kf7 50. Qxb6 Qf3 51. Qc7+ Kf6 52. Kg1 Qe3 53. Qd6 Qc1+ 54. Kg2 Qe3 55.
Qf8+ Kg6 56. Qe8+ Kf6 57. Qd8+ Kf7 58. Qa8 Kf6 59. Qa1+ Kg6 60. Qd1 e5 61.
Qd6+ Kf7 62. Qd7+ Kf6 63. Qc6+ Kg5 64. Qd5 e4 65. Qd8+ Kg6 66. Qd6+ Kg5 67.
Qe7+ Kg6 68. Qe5 Qf3+ 69. Kg1 e3 70. Qe6+ Kg5 71. Qe7+ Kg6 72. Qd6+ Kg7 73.
Qd4+ Kg6 74. Qd6+ Kg7 75. Nd3 Qd1+ 76. Kg2 Qe2+ 77. Kg1 Qd1+ 78. Kg2 Qe2+
1/2-1/2

[Event "GCT Blitz Paris 2017"]
[Site "Paris FRA"]
[Date "2017.06.24"]
[Round "9"]
[White "Vachier Lagrave,M"]
[Black "Grischuk,A"]
[Result "1/2-1/2"]
[WhiteElo "2796"]
[BlackElo "2761"]
[EventDate "2017.06.21"]

1. e4 c5 2. Nf3 Nc6 3. Nc3 g6 4. d4 cxd4 5. Nxd4 Bg7 6. Be3 Nf6 7. Bc4 O-O
8. Bb3 d6 9. f3 Bd7 10. Qd2 Rc8 11. h4 h5 12. O-O-O Ne5 13. Kb1 Nc4 14.
Bxc4 Rxc4 15. Nde2 Re8 16. Bh6 Bh8 17. g4 Qa5 18. gxh5 Qxh5 19. Bg5 Qxf3
20. Rdf1 Nxe4 21. Rxf3 Nxd2+ 22. Bxd2 Bc6 23. Rfh3 Bxh1 24. Rxh1 Bf6 25. h5
Rh4 26. Rxh4 Bxh4 27. hxg6 fxg6 28. Kc1 Kf7 29. Nd4 Bf6 30. Nf3 Rh8 31. Kd1
Bxc3 32. Bxc3 e5 33. Ke2 Ke6 34. Be1 Kf5 35. c4 g5 36. Bf2 g4 37. Nd2 a6
38. Nf1 Rh3 39. Bg3 b5 40. b3 bxc4 41. bxc4 Ke6 42. a3 d5 43. cxd5+ Kxd5
44. Kf2 Ke4 45. Nd2+ Kd3 46. Nb3 Kc4 47. Nd2+ Kd3 48. Nb3 e4 49. Nc5+ Kd4
50. Nxa6 e3+ 51. Kg2 e2 52. Bf2+ Kc4 53. Nb4 Rxa3 54. Nc2 Rc3 55. Ne1 Kd5
56. Bg3 Ke4 57. Kf2 Rb3 58. Bc7 Rb7 59. Bg3 Rb3 60. Bc7 1/2-1/2

[Event "GCT Blitz Paris 2017"]
[Site "Paris FRA"]
[Date "2017.06.24"]
[Round "9"]
[White "Caruana,F"]
[Black "Mamedyarov,S"]
[Result "1-0"]
[WhiteElo "2808"]
[BlackElo "2800"]
[EventDate "2017.06.21"]

1. e4 e5 2. Nf3 Nc6 3. Bb5 a6 4. Ba4 Nf6 5. d3 b5 6. Bb3 Bc5 7. Nc3 d6 8.
Nd5 h6 9. c3 O-O 10. O-O Rb8 11. Nxf6+ Qxf6 12. h3 Ne7 13. d4 Bb6 14. Be3
Ng6 15. a4 Nf4 16. a5 exd4 17. Bxf4 Qxf4 18. axb6 Rxb6 19. Qxd4 Bxh3 20. e5
Qxd4 21. cxd4 Bg4 22. Rfc1 Rc8 23. exd6 Bxf3 24. gxf3 Rxd6 25. d5 c5 26.
dxc6 Rcxc6 27. Rxc6 Rxc6 28. Rd1 g6 29. Rd7 Rf6 30. Bd5 Rf5 31. Be4 Rg5+
32. Kf1 a5 33. Ke2 Kf8 34. Ke3 h5 35. f4 Rc5 36. Bd5 Ke8 37. Kd4 Rc2 38.
Rb7 Rxf2 39. Ke5 Rxb2 40. Rxf7 a4 41. Kd6 Re2 42. Rg7 Kd8 43. Rxg6 a3 44.
f5 Re8 45. f6 1-0

[Event "GCT Blitz Paris 2017"]
[Site "Paris FRA"]
[Date "2017.06.24"]
[Round "9"]
[White "Bacrot,E"]
[Black "Topalov,V"]
[Result "1/2-1/2"]
[WhiteElo "2708"]
[BlackElo "2749"]
[EventDate "2017.06.21"]

1. e4 c6 2. Nf3 d5 3. Nc3 Bg4 4. d4 e6 5. Bd3 Nf6 6. e5 Nfd7 7. h3 Bxf3 8.
Qxf3 c5 9. dxc5 Nc6 10. Qg3 Ncxe5 11. Bb5 a6 12. Ba4 Nc6 13. Be3 Qa5 14. a3
Qd8 15. O-O h5 16. Rfe1 h4 17. Qg4 Nf6 18. Qg5 Rh5 19. Qf4 Be7 20. Rad1 Kf8
21. Bxc6 bxc6 22. Bd4 Kg8 23. b4 Nd7 24. Na4 Rf5 25. Qh2 a5 26. Nb2 axb4
27. axb4 e5 28. Be3 Bf6 29. b5 d4 30. bxc6 Nxc5 31. c7 Qc8 32. Bc1 Ne6 33.
g4 hxg3 34. fxg3 Qxc7 35. Qg2 Rc8 36. g4 Rg5 37. Bxg5 Bxg5 38. Nd3 Be3+ 39.
Kh1 Qxc2 40. Qxc2 Rxc2 41. Nxe5 Ng5 42. Rxe3 dxe3 43. Re1 f6 44. h4 Ne4 45.
Nd3 Ng3+ 46. Kg1 Ne2+ 47. Kf1 Ng3+ 48. Kg1 Rc4 49. Kg2 Rxg4 50. Kh3 Rg6 51.
Rg1 Rh6 52. Rxg3 g5 53. Rxe3 Rxh4+ 1/2-1/2

[Event "GCT Blitz Paris 2017"]
[Site "Paris FRA"]
[Date "2017.06.24"]
[Round "9"]
[White "So,W"]
[Black "Carlsen,M"]
[Result "0-1"]
[WhiteElo "2812"]
[BlackElo "2832"]
[EventDate "2017.06.21"]

1. d4 Nf6 2. c4 e6 3. Nc3 Bb4 4. Nf3 O-O 5. Qc2 d5 6. cxd5 exd5 7. Bg5 h6
8. Bh4 c5 9. dxc5 Nbd7 10. e3 Qa5 11. Bd3 Ne4 12. O-O Bxc3 13. bxc3 Ndxc5
14. Nd4 Nxd3 15. Qxd3 Re8 16. Rfc1 Bd7 17. c4 dxc4 18. Rxc4 Qd5 19. Rcc1
Rac8 20. Qa3 a6 21. f3 Nd6 22. Bf2 Nc4 23. Qd3 b5 24. e4 Qd6 25. Qb3 Qg6
26. Rd1 Nb6 27. Ne2 Be6 28. Qb4 Na4 29. a3 Rc2 30. Rd2 Rec8 31. Rad1 Kh7
32. h4 Qf6 33. Qd6 Qb2 34. Rxc2 Qxc2 35. Nf4 Nb2 36. Re1 Qc6 37. Qd4 Nc4
38. Rd1 f6 39. h5 Bf7 40. Qd7 Qc7 41. Qf5+ Kg8 42. Rd7 Qe5 43. Qg4 Qa1+ 44.
Kh2 Ne5 45. Qf5 Nxd7 46. Qxd7 Re8 47. Nd5 Qe5+ 48. Bg3 Qxh5+ 0-1